000 00278nam a2200109Ia 4500
001 587434
005 20250717113816.0
008 250717s9999 xx 000 0 und d
245 0 _aX-5 ŞU ACAYİP KEDİLER
_cTARIK USLU
260 _bUĞUR BÖCEĞİ YAYINLARI
_c2017
300 _b18
999 _c587434
_d587434